| 000 | 01220nam a2200361Ia 4500 | ||
|---|---|---|---|
| 003 | GCL | ||
| 005 | 20240530095722.0 | ||
| 008 | 140319s9999 xx 000 0 ara d | ||
| 020 | _a9095427977 | ||
| 040 |
_aGCL / _cGCL |
||
| 082 | 0 | 4 |
_a370.1 _bب ت |
| 100 | 1 | _aباركر ستوارت. | |
| 245 | 1 | 0 |
_aالتربية فى عالم ما بعد الحداثة / _cباركر ستوارت |
| 250 | _aالاولى | ||
| 260 |
_aالقاهرة : _bالدار المصرية اللبنانية ، _c2007 |
||
| 300 |
_a335 ص ؛ _c24 سم |
||
| 490 |
_aافاق تربوية متجددة _v0 |
||
| 650 | 0 | 4 | _aالتعليم |
| 650 | 0 | 4 | _aالتربية |
| 650 | 0 | 4 | _aعلم النفس التربوى |
| 650 | 0 | 4 | _aالقراءة |
| 650 | 0 | 4 | _aالتوجية التربوى |
| 650 | 0 | 4 | _aالادارة التعليمية |
| 650 | 0 | 4 | _aالتعليم - اغراضه واهدافه |
| 650 | 0 | 4 | _aالعقلانية |
| 650 | 0 | 4 | _aالتربية - تطوير |
| 650 | 0 | 4 | _aالتعليم (مهنة) |
| 650 | 0 | 4 | _aالتعليم التدبرى |
| 650 | 0 | 4 | _aالتعليم - ما بعد الحداثة |
| 700 | 1 | _aسامى محمد نصار | |
| 700 | 1 | _aباركر، ستوارت | |
| 942 |
_2ddc _cBK |
||
| 999 |
_c9882 _d9882 |
||